<?xml version="1.0" encoding="UTF-8"?>
<collection xmlns:xsi="http://www.w3.org/2001/XMLSchema-instance" xsi:schemaLocation="http://www.loc.gov/MARC21/slim http://www.loc.gov/standards/marcxml/schema/MARC21slim.xsd" xmlns="http://www.loc.gov/MARC21/slim">
 <record>
  <leader>00000cmm a22000003a 4500</leader>
  <controlfield tag="001">UP-8027390931316316833</controlfield>
  <controlfield tag="003">Buklod</controlfield>
  <controlfield tag="005">20201015085606.0</controlfield>
  <controlfield tag="006">a     r    |||| u|</controlfield>
  <controlfield tag="007">ta</controlfield>
  <controlfield tag="008">201015s        xx     d        u        </controlfield>
  <datafield tag="035" ind1=" " ind2=" ">
   <subfield code="a">(iLib)UPMIN-00026566026</subfield>
  </datafield>
  <datafield tag="040" ind1=" " ind2=" ">
   <subfield code="a">UPMin</subfield>
  </datafield>
  <datafield tag="041" ind1=" " ind2=" ">
   <subfield code="a">eng</subfield>
  </datafield>
  <datafield tag="090" ind1=" " ind2="0">
   <subfield code="a">OER-089</subfield>
  </datafield>
  <datafield tag="245" ind1="0" ind2="0">
   <subfield code="a">Country &amp; technical guidance</subfield>
   <subfield code="b">coronavirus disease (COVID-19) [electronic resource]</subfield>
   <subfield code="c">World Health Organization.</subfield>
  </datafield>
  <datafield tag="256" ind1=" " ind2=" ">
   <subfield code="a">mixed.</subfield>
  </datafield>
  <datafield tag="264" ind1=" " ind2="1">
   <subfield code="a">Geneva, Switzerland</subfield>
   <subfield code="b">WHO</subfield>
   <subfield code="c">c2020.</subfield>
  </datafield>
  <datafield tag="300" ind1=" " ind2=" ">
   <subfield code="a">1 online resource.</subfield>
  </datafield>
  <datafield tag="505" ind1="0" ind2=" ">
   <subfield code="a">Contents: (1) Critical preparedness, readiness and response actions for COVID-19. (2) Country-level coordination, planning, and monitoring. (3) Serology and early investigation protocols. (4) Risk communication and community engagement. (5) Naming the coronavirus disease (COVID-19). (6) Surveillance, rapid response teams, and case investigation. (7) Clinical care. (8) Essential resource planning. (9) Virus origin/reducing animanl-human transmission. (10) Humanitarian operations, camps, refugees/migrants in non-camps and other fragile settings. (11) National laboratories. (12) Infection prevention and control / WASH. (13) Guidance for schools, workplaces and institutions. (14) Travel, points of entry and border health. (15) Health workers. (16) Maintaining essential health services and systems. (17) Scientific briefs.</subfield>
  </datafield>
  <datafield tag="516" ind1=" " ind2=" ">
   <subfield code="a">mixed.</subfield>
  </datafield>
  <datafield tag="520" ind1=" " ind2=" ">
   <subfield code="a">Includes COVID-19 quick links, advice for the public, country and technical guidance, vaccines, treatment and tests, situation updates, research and development, and scam alert.</subfield>
  </datafield>
  <datafield tag="538" ind1=" " ind2=" ">
   <subfield code="a">online.</subfield>
  </datafield>
  <datafield tag="650" ind1="1" ind2="7">
   <subfield code="a">Electronic information resources.</subfield>
  </datafield>
  <datafield tag="650" ind1="1" ind2="7">
   <subfield code="a">Internet research.</subfield>
  </datafield>
  <datafield tag="650" ind1="1" ind2="7">
   <subfield code="a">Internet in higher education.</subfield>
  </datafield>
  <datafield tag="650" ind1="1" ind2="7">
   <subfield code="a">Open learning.</subfield>
  </datafield>
  <datafield tag="650" ind1="1" ind2="7">
   <subfield code="a">Open education.</subfield>
  </datafield>
  <datafield tag="650" ind1="1" ind2="7">
   <subfield code="a">Open access publishing.</subfield>
  </datafield>
  <datafield tag="650" ind1="1" ind2="7">
   <subfield code="a">Education, Higher.</subfield>
  </datafield>
  <datafield tag="650" ind1="1" ind2="7">
   <subfield code="a">COVID-19 (Disease)</subfield>
   <subfield code="v">Research</subfield>
   <subfield code="x">Electronic information resources.</subfield>
  </datafield>
  <datafield tag="650" ind1="1" ind2="7">
   <subfield code="a">COVID-19 (Disease)</subfield>
   <subfield code="z">World health</subfield>
   <subfield code="x">Electronic information resources.</subfield>
  </datafield>
  <datafield tag="650" ind1="1" ind2="7">
   <subfield code="a">COVID-19 (Disease)</subfield>
   <subfield code="v">Technical reports</subfield>
   <subfield code="x">Electronic information resources.</subfield>
  </datafield>
  <datafield tag="650" ind1="1" ind2="7">
   <subfield code="a">COVID-19 (Disease)</subfield>
   <subfield code="x">Country reports</subfield>
   <subfield code="v">Electronic information resources.</subfield>
  </datafield>
  <datafield tag="650" ind1="1" ind2="7">
   <subfield code="a">COVID-19 (Disease)</subfield>
   <subfield code="x">Medical care</subfield>
   <subfield code="v">Electronic information resources.</subfield>
  </datafield>
  <datafield tag="650" ind1="1" ind2="7">
   <subfield code="a">COVID-19 (Disease)</subfield>
   <subfield code="x">Public health</subfield>
   <subfield code="v">Electronic information resources.</subfield>
  </datafield>
  <datafield tag="650" ind1="1" ind2="7">
   <subfield code="a">COVID-19 (Disease)</subfield>
   <subfield code="x">Health risk communication</subfield>
   <subfield code="v">Electronic information resources.</subfield>
  </datafield>
  <datafield tag="650" ind1="1" ind2="7">
   <subfield code="a">COVID-19 (Disease)</subfield>
   <subfield code="x">Universities and colleges</subfield>
   <subfield code="x">Management</subfield>
   <subfield code="v">Electronic information resources.</subfield>
  </datafield>
  <datafield tag="650" ind1="1" ind2="7">
   <subfield code="a">COVID-19 (Disease)</subfield>
   <subfield code="x">Medical care</subfield>
   <subfield code="v">Electronic information resources.</subfield>
  </datafield>
  <datafield tag="650" ind1="1" ind2="7">
   <subfield code="a">COVID-19 (Disease)</subfield>
   <subfield code="x">Public health</subfield>
   <subfield code="v">Electronic information resources.</subfield>
  </datafield>
  <datafield tag="650" ind1="1" ind2="7">
   <subfield code="a">COVID-19 (Disease)</subfield>
   <subfield code="x">School management and organization</subfield>
   <subfield code="v">Electronic information resources.</subfield>
  </datafield>
  <datafield tag="650" ind1="1" ind2="7">
   <subfield code="a">COVID-19 (Disease)</subfield>
   <subfield code="x">Business enterprises</subfield>
   <subfield code="x">Management</subfield>
   <subfield code="v">Electronic information resources.</subfield>
  </datafield>
  <datafield tag="650" ind1="1" ind2="7">
   <subfield code="a">COVID-19 (Disease)</subfield>
   <subfield code="x">Public meetings</subfield>
   <subfield code="v">Electronic information resources.</subfield>
  </datafield>
  <datafield tag="650" ind1="1" ind2="7">
   <subfield code="a">COVID-19 (Disease)</subfield>
   <subfield code="x">Religious gatherings</subfield>
   <subfield code="v">Electronic information resources.</subfield>
  </datafield>
  <datafield tag="650" ind1="1" ind2="7">
   <subfield code="a">COVID-19 (Disease)</subfield>
   <subfield code="x">Medical protocols</subfield>
   <subfield code="v">Electronic information resources.</subfield>
  </datafield>
  <datafield tag="650" ind1="1" ind2="7">
   <subfield code="a">COVID-19 (Disease)</subfield>
   <subfield code="x">Travel</subfield>
   <subfield code="x">Health aspects</subfield>
   <subfield code="v">Electronic information resources.</subfield>
  </datafield>
  <datafield tag="650" ind1="1" ind2="7">
   <subfield code="a">COVID-19 (Disease)</subfield>
   <subfield code="x">Acute phase reaction</subfield>
   <subfield code="v">Electronic information resources.</subfield>
  </datafield>
  <datafield tag="650" ind1="1" ind2="7">
   <subfield code="a">COVID-19 (Disease)</subfield>
   <subfield code="x">Resource planning</subfield>
   <subfield code="v">Electronic information resources.</subfield>
  </datafield>
  <datafield tag="650" ind1="1" ind2="7">
   <subfield code="a">COVID-19 (Disease)</subfield>
   <subfield code="x">Public health surveillance</subfield>
   <subfield code="v">Electronic information resources.</subfield>
  </datafield>
  <datafield tag="650" ind1="1" ind2="7">
   <subfield code="a">COVID-19 (Disease)</subfield>
   <subfield code="x">Diagnosis, Laboratory</subfield>
   <subfield code="v">Electronic information resources.</subfield>
  </datafield>
  <datafield tag="650" ind1="1" ind2="7">
   <subfield code="a">COVID-19 (Disease)</subfield>
   <subfield code="x">Food handling</subfield>
   <subfield code="v">Electronic information resources.</subfield>
  </datafield>
  <datafield tag="650" ind1="1" ind2="7">
   <subfield code="a">COVID-19 (Disease)</subfield>
   <subfield code="x">Preventive health services</subfield>
   <subfield code="v">Electronic information resources.</subfield>
  </datafield>
  <datafield tag="650" ind1="1" ind2="7">
   <subfield code="a">COVID-19 (Disease)</subfield>
   <subfield code="x">Preparedness</subfield>
   <subfield code="v">Electronic information resources.</subfield>
  </datafield>
  <datafield tag="650" ind1="1" ind2="7">
   <subfield code="a">Open access publishing.</subfield>
  </datafield>
  <datafield tag="658" ind1=" " ind2=" ">
   <subfield code="a">FOCRAP.</subfield>
   <subfield code="b">Open access publishing.</subfield>
  </datafield>
  <datafield tag="658" ind1=" " ind2=" ">
   <subfield code="a">COVID-19 (Disease).</subfield>
   <subfield code="b">Open access publishing.</subfield>
  </datafield>
  <datafield tag="658" ind1=" " ind2=" ">
   <subfield code="a">Scientific Research Paper in Biology</subfield>
   <subfield code="c">NSM192, BSB.</subfield>
  </datafield>
  <datafield tag="710" ind1="2" ind2=" ">
   <subfield code="a">World Health Organization.</subfield>
  </datafield>
  <datafield tag="856" ind1=" " ind2=" ">
   <subfield code="u">https://www.who.int/emergencies/diseases/novel-coronavirus-2019/technical-guidance</subfield>
  </datafield>
  <datafield tag="905" ind1=" " ind2=" ">
   <subfield code="a">FO</subfield>
  </datafield>
  <datafield tag="852" ind1="0" ind2=" ">
   <subfield code="a">UPMIN</subfield>
   <subfield code="b">UPMIN-MAIN</subfield>
   <subfield code="h">OER-089</subfield>
  </datafield>
  <datafield tag="942" ind1=" " ind2=" ">
   <subfield code="a">Electronic Resource</subfield>
  </datafield>
 </record>
</collection>
